| 000 | 01070nac a22003137a 4500 | ||
|---|---|---|---|
| 001 | BR9301865 | ||
| 003 | BR-BrBNA | ||
| 005 | 20240105121453.0 | ||
| 008 | 230509b bl.|||m| |||| 00| 0 por d | ||
| 040 |
_aBR-BrBNA _bpor _cBiblioteca Nacional de Agricultura |
||
| 072 | _aF30; H10; H20 | ||
| 090 | _a1440 BR9301865 | ||
| 100 | 1 | _aSimplicio, A.A. | |
| 100 | 1 | _aChagas, M.C.M. das | |
| 100 | 1 | _aRego Neto, J. | |
| 110 | 1 | _aEmpresa de Pesquisa Agropecuaria do Rio Grande do Norte S.A., Natal (Brasil) | |
| 245 | 1 | _aComportamento de cultivares de feijao vigna em vazantes a montante de acude | |
| 260 | 3 |
_aNatal, RN (Brasil): _c1982. |
|
| 300 | _a7 p. | ||
| 490 |
_aPesquisa em Andamento - Empresa de Pesquisa Agropecuaria do Rio Grande do Norte S.A. (Brazil) _vno. 2 _xISSN 0101-2878 |
||
| 650 | _aFeijao de Corda | ||
| 650 | _aComportamento de Variedade | ||
| 650 | _aLinhagem | ||
| 650 | _aDoenca de Planta | ||
| 650 | _aPraga de Planta | ||
| 650 | _aRio Grande do Norte | ||
| 909 |
_a202312 _bLúcia Elande _c55 _dLúcia Elande |
||
| 942 |
_2AGRIS _n0 _cMS |
||
| 999 |
_c285500 _d285500 |
||